01626nas a2200217 i 4500952008200000999001700082001001000099003001000109005001700119008004100136022001400177040004100191041000800232100002500240245006700265300005300332520084600385650001801231773015101249942000801400 00104070aFUSBCbFUSBCd2019-01-29l0r2019-01-29 00:00:00w2019-01-29yANA c64776d64776768714001CO-MdFUSB20190129170844.0190129s1978 sp ||||| |||| 00| 0 spa d a0210-1041 aCO-MdFUSBbspacCO-MdFUSBdCO-MdFUSB aspa aBourke, Myleseautor13aEl futuro de la liturgia :borientaciones del Nuevo Testamento aNúmero 138b (1978), páginas 387-397c: 20 cm aConcilium celebra anualmente una asamblea general en la que participan todos los miembros del comité de dirección, así teólogos como científicos, y los diversos editores de la revista. De cuando en cuando se otorga a esa asamblea el carácter de congreso y se dedica al estudio de algún tema que el entorno cultural plantea a la teología de la iglesia. El contenido de cada artículo de esta revista y cuyo resultado plasmado aquí, ocurre debido a la estudio y análisis ocurrido en 1977 en una reunión que tuvo lugar en la universidad de Notre Dame, South Bend / Chicago. Los interrogantes que en ella se plantearon fueron éstos: ¿Cuál es la verdadera situación de la Iglesia hoy? ¿Qué se ha hecho y qué está por hacer después del Vaticano II? ¿Será necesario y hasta inaplazable un nuevo concilio?  79206aLiturgia0 049450960420oR0326tRevista internacional de teología Conciliumw(CO-MdFUSB)8x0210-1041gNúmero 138b (1978), páginas 387-397qPágina 387 cANA